| Tag |
First Indicator |
Second Indicator |
Subfields |
| LEADER |
00000nam a2200000 i 4500 |
| 001 |
in00005508024 |
| 003 |
OCoLC |
| 005 |
20241008140705.1 |
| 006 |
m o d |
| 007 |
cr cnu---unuuu |
| 008 |
240524s2024 nyu ob 001 0 eng |
| 010 |
|
|
|a 2024016280
|
| 024 |
8 |
|
|a 40032472103
|
| 040 |
|
|
|a DLC
|b eng
|e rda
|c DLC
|d OCLCO
|d YDX
|d EBLCP
|
| 019 |
|
|
|a 1457639464
|
| 020 |
|
|
|a 9780807782644
|q electronic book
|
| 020 |
|
|
|a 0807782645
|q electronic book
|
| 020 |
|
|
|z 9780807786208
|q paperback
|
| 020 |
|
|
|z 9780807786215
|q hardcover
|
| 035 |
|
|
|a (OCoLC)1440774132
|z (OCoLC)1457639464
|
| 042 |
|
|
|a pcc
|
| 050 |
|
4 |
|a LB1139.35.P55
|b P49 2024
|
| 082 |
0 |
0 |
|a 372.21
|2 23/eng/20240611
|
| 100 |
1 |
|
|a Pica, Rae,
|d 1953-
|e author.
|1 https://id.oclc.org/worldcat/entity/E39PCjxFyrWBfQ3d83hVCkTJXd
|
| 245 |
1 |
0 |
|a Why play? :
|b how to make play an essential part of early education /
|c Rae Pica.
|
| 264 |
|
1 |
|a New York, NY :
|b Teachers College Press,
|c [2024]
|
| 300 |
|
|
|a 1 online resource.
|
| 336 |
|
|
|a text
|b txt
|2 rdacontent
|
| 337 |
|
|
|a computer
|b c
|2 rdamedia
|
| 338 |
|
|
|a online resource
|b cr
|2 rdacarrier
|
| 504 |
|
|
|a Includes bibliographical references and index.
|
| 588 |
|
|
|a Description based on online resource; title from digital title page (viewed on October 07, 2024).
|
| 650 |
|
0 |
|a Play.
|
| 650 |
|
0 |
|a Early childhood education.
|
| 650 |
|
0 |
|a Child development.
|
| 650 |
|
6 |
|a Jeu.
|
| 650 |
|
6 |
|a Enfants
|x Développement.
|
| 650 |
|
7 |
|a play (recreation)
|2 aat
|
| 655 |
|
7 |
|a Electronic books.
|2 local
|
| 710 |
2 |
|
|a ProQuest (Firm)
|
| 776 |
1 |
8 |
|i Print version:
|a Pica, Rae, 1953-
|t Why play?
|d New York, NY : Teachers College Press, 2024
|z 9780807786208
|w (DLC) 2024016279
|
| 856 |
4 |
0 |
|u https://ebookcentral.proquest.com/lib/tamucs/detail.action?docID=31179722
|z Connect to the full text of this electronic book
|t 0
|
| 945 |
|
|
|b 204989
|
| 955 |
|
|
|a YBP purchased approval e-records
|
| 980 |
|
|
|b ebook
|c 40032472103
|f NONFIC/B
|g 565751
|k USD
|m 96.00
|q 1
|s AcqMono Conventional
|t Approval plan
|u Vendor order reference number
|v ZYBP
|y E-approvals
|z Electronic resource
|
| 999 |
f |
f |
|i 3a6a9351-e9ee-4b0e-9b52-3ac42bd0ebcd
|s ceca3f8e-02bc-4479-8866-0311c8bd89ad
|t 0
|
| 952 |
f |
f |
|a Texas A&M University
|b College Station
|c Electronic Resources
|s www_evans
|d Available Online
|t 0
|e LB1139.35.P55 P49 2024
|h Library of Congress classification
|